Quizzes
Events
Quiz Creation
Community
Videos
Private Events
Remove Ads
Sign In
Join for FREE
Feedback
Dark Mode
Quiz Categories
Sports
Geography
Music
Movies
Television
Just For Fun
Miscellaneous
History
Literature
Language
Science
Gaming
Entertainment
Religion
Holiday
For Kids
Quiz Lab
Recent
Popular Today
Quiz Kudos Today
Editor Picks
Curator Picks
Quizzes by...
Day
Popularity
Type
Ratings
Length
Year
Community
Subscriptions
Recent Discussions
Orange Saloon
Badges
Playlists
Quests
Create
Leaderboards
Showdown
Live 5
Trivia Bingo
Activity
Puzzle Library
Sporcle Events
Private Events
Virtual Trivia
Globe League
Become a Host
Pub Owners
SporcleCon
Opinionation
Our Games
Videos
Blog
Mobile Apps
Partnerships
Remove Ads and Go Orange
Feedback
Language
Vocabulary
Begins and Ends
Definition
Spanish
French
German
Italian
Chinese
Latin
Translation
Japanese
Language
Vocabulary
Begins and Ends
Definition
Spanish
French
German
Italian
Chinese
Latin
Translation
Japanese
Random Quiz
Search Sporcle
×
Quiz Lab
Quiz Lab
Language
sam
Type in answers that appear in a list
Type in answers that appear in a list
Classic
Best Score? Go Orange.
Starts with Sam Stats
Can you name the words starting with Sam?
By
teggers
6m
29 Questions
153 Plays
153 Plays
153 Plays
Comments
Comments
Give Quiz Kudos
Give Quiz Kudos
-
- Ratings
hide this ad
Replay
Link that replays current quiz
Next Quiz
Link to next quiz in quiz playlist
You Got
0%
They Got
Avg Score
61%
Avg Friend Score
Upgrade to see
Score Distribution
Jump to the score distribution portion of the page
Score
0/29
Timer
06:00
0
Plays Today
Clue
Word
% Correct
Miss Fox, Mathis, Morton, Mumba, or Bee
Samantha
93.5%
Biblical character famous for his strength, hair, and his Delilah
Samson
90.2%
Mr. Jackson, Beckett, Adams, or Bible prophet
Samuel
89.5%
Korean multinational electronics company (Galaxy)
Samsung
89.5%
Mr. Hagar or Mr. Sosa
Sammy
88.9%
Identical, matching, alike
Same
88.9%
Japanese military nobility warrior
Samurai
86.9%
Oceania's island nation with Apia as its capital city
Samoa
83%
Most famous Brazilian musical genre and dance style
Samba
83%
Small part or quantity intended to show what the whole is like
Sample
83%
Frodo's loyal friend and companion, _
_
_
_
_
_
_
_
Gamgee
Samwise
79.7%
New Testament's 'Parable of the Good _
_
_
_
_
_
_
_
_
'
Samaritan
76.5%
American luggage manufacturer and retailer company
Samsonite
68%
Lack of variety; uniformity, monotony
Sameness
59.5%
French for Saturday
Samedi
58.3%
Clue
Word
% Correct
Electronic device for sampling music and sound
Sampler
57.5%
SNL Alumni, Andy _
_
_
_
_
_
_
_
Samberg
53.6%
Italian anise-
flavoured liqueur
Sambuca
52.9%
Patronymic name meaning 'son of Samuel'
Samuelson
52.3%
Russia's sixth largest city and eponymous oblast
Samara
51.6%
Historical and biblical region in Palestine
Samaria
49%
Alternative spelling for the very strong biblical character's name
Sampson
49%
American retired tennis player, Pete _
_
_
_
_
_
_
Sampras
46.7%
R&B artist _
_
_
_
_
_
_
Lee Bush Jr.
Sammie
45.8%
Uzbekistan's third largest city
Samarkand
39.2%
Orange Is the New Black American actress, _
_
_
_
_
_
Wiley
Samira
35.3%
Cycle of death and rebirth in Buddhism, Jainism, and Hinduism
Samsara
34%
University in Birmingham, Alabama; _
_
_
_
_
_
_
University
Samford
30.7%
Lake and city in King County, Washington; part of Seattle metro
Sammamish
26.1%
Quiz Playlist
Details
Report
Send in Message
Add To Playlist
Classic:
Type in answers that appear in a list
Last Updated: Sep 10, 2017
Quiz Scoreboard
CHALLENGE
Sign Up to Join the Scoreboard
Show All
Scores
Hide
Comments
May contain spoilers
Recently Published
An Introduction to Baseball
by treessimontrees
Sports
5m
Movies - When Are They Set?
by FPL_Elf
Movies
5m
Popular People in 1961
by mucciniale
History
6m
More to Explore
Quiz From the Vault
Featured Blog Post
Where Did the Easter Bunny Come From?
hide this ad
You Might Also Like...
Tags
sam
start
Starting
Today's Top Quizzes in Language
Browse Language
hide this ad
Today's Top Quizzes in sam
Browse sam
Top Contributed Quizzes in Language
1
1-10 Letter F Words III
2
Order Up: Top 10 Most Native Spoken Languages
3
1-10 Letter G Words III
4
1-10 Letter H Words III
5
One Thing in Common: Italy
6
1-10 Letter I Words III
7
Weisst du, aus welchen Sprachen diese Wörter stammen?
8
1-10 Letter J Words III
9
Begins and Ends With AN
10
Hiragana Speed Reading
Explore More
Trending Topics
NBA
Crossword
Disney
Harry Potter
Anime
Kpop
Marvel
Puzzle
Song
The Office
Pokémon
WWE
Soccer
Country
NFL
hide this ad
More By:
teggers
Quiz
Plays
Rating
Category
Featured
Created
Most Visited European Countries
121,124
3.70
Geography
Dec 12, 2015
Most Visited Asian Countries
87,671
4.40
Geography
Dec 12, 2015
Most Visited American Countries
82,841
4.65
Geography
Dec 13, 2015
Cucumber Producing Countries
57,905
4.58
Geography
Jul 12, 2013
Top 10 Richest Countries in North America
48,489
4.20
Geography
Apr 1, 2013
Go to Creator's Profile
Score Distribution
Quiz Creator Spotlight
teggers
Follow
Send a Message
Quizzes Created
-
Created Quiz Play Count
-
More By This Creator
Popular Quizzes Today
1
Find the Countries of Europe - No Outlines Minefield
2
Find the US States - No Outlines Minefield
3
The Countries of the World
4
Popular People in 1961
5
US States
6
1-10 Letter E Words III
7
Find the US States
8
One Thing in Common: World Cities II
More Language Quizzes
Animated 'F' Verbs
Published
Trending Quizzes
Risky Map Clicking: Least Populous States A-Z
1-10 Letter F Words
1-10 Letter G Words
One Thing in Common: United Kingdom
Risky Map Clicking: Next State Alphabetically
Recently Updated
Leaping Animals
pecheneg
Reality TV Shows (A-Z)
bhenderson79
Rickey Henderson's Hall of Fame Teammates
pecheneg
Champions League XIs: Arsenal
pecheneg
Quick Pick: Celebrities in WWE's Hall of Fame
aduchscher
A-Z Keypad Blitz II
pecheneg
Multiple Oscar Actors
pecheneg
Mystery Phrase Blitz: Oscar 'Best Actors'
pecheneg
F. Scott Fitzgerald Novels
LTH
Pick 3 Villains
ddd62291
Trending Topics
Marvel
Kpop
Anime
NBA
Disney
Harry Potter
Crossword
Country
Puzzle
Song
NFL
Pokémon
Soccer
WWE
The Office
Your Account Isn't Verified!
In order to create a playlist on Sporcle, you need to verify the email address you used during registration. Go to your
Sporcle Settings
to finish the process.
Report this User
Report this user for behavior that violates our
Community Guidelines
.
Details:
Send Report
Go to the Sporcle.com Mobile Site →
Comments